00564nam a22002057a 4500003000500000005001700005008004100022010001000063011001000073035001000083040000900093082001400102100002100116245009100137260005300228300001100281650002700292700002100319700001800340CHAP20220329141651.0971013s1980 nyu r 00010 eng d a71899 a72871 a82427 cCHAP04a589.9bD300aDavis, Ronald W.10aAdvanced bacterial genetics :ba manual for genetic engineeringc/por Ronald W. Davis, aNew York :bCold Spring Harbor Laboratory,c1980 a254 p.14aGenética bacteriana.0 aBotstein, David.0 aRoth, John R.